[Event "2. Bundesliga Ost 2013/2014"]
[Site "Wien"]
[Date "2014.02.23"]
[Round "9"]
[Board "4"]
[White "Nemeth, Denes"]
[Black "Loidl, Florian"]
[Result "0-1"]
[WhiteElo "2275"]
[BlackElo "2192"]
[PlyCount "98"]
[EventDate "2013.10.05"]
[EventType "team"]
[EventRounds "11"]
[EventCountry "AUT"]
[WhiteTeam "SGM Sparkasse Ternitz"]
[BlackTeam "ASVOE VHS Poechlarn"]

1. d4 c6 2. c4 d5 3. Nf3 Nf6 4. Nc3 dxc4 5. a4 Bf5 6. Ne5 Nbd7 7. Nxc4 Nb6 8.
Ne5 e6 9. e3 Nbd5 10. Bd3 Bxd3 11. Nxd3 a5 12. O-O Nb4 13. b3 Bd6 14. h3 O-O
15. Ba3 Nxd3 16. Qxd3 Bxa3 17. Rxa3 e5 18. Rd1 exd4 19. exd4 Re8 20. Ra2 h6 21.
Rad2 Qb6 22. Qc4 Rad8 23. Rd3 Re6 24. Rf3 Rde8 25. Rdd3 Re1+ 26. Kh2 Qc7+ 27.
g3 Qd7 28. Rde3 R8xe3 29. fxe3 Qe7 30. Qd3 Qa3 31. Ne2 Qa1 32. Rf2 Rh1+ 33. Kg2
Qb1 34. Qf5 Qxf5 35. Rxf5 Rb1 36. Rxa5 Rxb3 37. Re5 Kf8 38. Kf3 Ra3 39. a5 Nd7
40. Rh5 Nf6 41. Re5 Nd5 42. Kf2 Ra2 43. Kf3 f6 44. Re4 Kf7 45. g4 g5 46. Nc1
Rxa5 47. Nb3 Rb5 48. Nc5 Nc3 49. Nd3 Nxe4 0-1

[Event "2. Bundesliga Ost 2013/2014"]
[Site "Wien"]
[Date "2014.02.23"]
[Round "9"]
[Board "5"]
[White "Mittermayr, Gerhard"]
[Black "Matevosyan, Andy"]
[Result "0-1"]
[WhiteElo "2104"]
[BlackElo "2166"]
[PlyCount "116"]
[EventDate "2013.10.05"]
[EventType "team"]
[EventRounds "11"]
[EventCountry "AUT"]
[WhiteTeam "ASVOE VHS Poechlarn"]
[BlackTeam "SGM Sparkasse Ternitz"]

1. e4 d6 2. d4 Nf6 3. f3 g6 4. Be3 Bg7 5. Nc3 Nbd7 6. Qd2 c5 7. dxc5 dxc5 8. e5
Nxe5 9. Qxd8+ Kxd8 10. O-O-O+ Bd7 11. Bxc5 b6 12. Ba3 Re8 13. Ba6 Kc7 14. Nge2
Rad8 15. Nd4 Nc6 16. Ncb5+ Kb8 17. Nxc6+ Bxc6 18. Rxd8+ Rxd8 19. Bxe7 Bxb5 20.
Bxb5 Rd5 21. Bc6 Rg5 22. f4 Rh5 23. g4 Nxg4 24. Bd6+ Kc8 25. Re1 Nf6 26. Re3
Rxh2 27. Ra3 a5 28. b4 Rh5 29. bxa5 Rxa5 30. Rb3 Nd7 31. a4 Bh6 32. Re3 Ne5 33.
Rc3 Nxc6 34. Rxc6+ Kd7 35. Rxb6 Rxa4 36. Bb4 Bxf4+ 37. Kb2 Be3 38. Rb8 Kc7 39.
Rb5 Kc6 40. Rb8 Bf4 41. Rc8+ Kb7 42. Rc4 Bd6 43. c3 Bxb4 44. cxb4 Kb6 45. Kb3
Ra8 46. Rd4 h5 47. Rd6+ Kc7 48. Rf6 Rf8 49. Kc4 h4 50. Kd4 Kd7 51. b5 Ke7 52.
Ra6 h3 53. b6 h2 54. Ra1 Kd6 55. b7 Kc7 56. Ra8 h1=Q 57. Rxf8 Qh4+ 58. Kd3 Qg3+
 0-1

[Event "2. Bundesliga Ost 2013/2014"]
[Site "Wien"]
[Date "2014.02.23"]
[Round "9"]
[Board "6"]
[White "Braun, Karl-Heinz"]
[Black "Gratze, Michael"]
[Result "0-1"]
[WhiteElo "2050"]
[BlackElo "1982"]
[PlyCount "72"]
[EventDate "2013.10.05"]
[EventType "team"]
[EventRounds "11"]
[EventCountry "AUT"]
[WhiteTeam "SGM Sparkasse Ternitz"]
[BlackTeam "ASVOE VHS Poechlarn"]

1. c4 Nf6 2. g3 g6 3. Bg2 Bg7 4. Nc3 O-O 5. Nf3 d6 6. O-O e5 7. d4 Nc6 8. d5
Nb8 9. h3 a5 10. Be3 Na6 11. Qc1 Re8 12. Nd2 h6 13. Nb3 g5 14. Nxa5 Nb4 15. a3
Nbxd5 16. Nxb7 Bxb7 17. Nxd5 Nxd5 18. cxd5 f5 19. Bd2 e4 20. Rd1 Ba6 21. Bf1
Be5 22. Bc3 Qf6 23. Bxe5 Qxe5 24. e3 Bxf1 25. Kxf1 Rab8 26. b4 Re7 27. Qd2 Qf6
28. a4 f4 29. exf4 Rf8 30. fxg5 Qf3 31. Kg1 e3 32. fxe3 Qxg3+ 33. Qg2 Qxe3+ 34.
Kh1 Rf2 35. Qg4 h5 36. Qxh5 Qe4+ 0-1

[Event "2. Bundesliga Ost 2013/2014"]
[Site "Wien"]
[Date "2014.02.23"]
[Round "9"]
[Board "2"]
[White "Kirschner, Alexander"]
[Black "Polak, Thomas"]
[Result "0-1"]
[WhiteElo "2286"]
[BlackElo "2502"]
[PlyCount "66"]
[EventDate "2013.10.05"]
[EventType "team"]
[EventRounds "11"]
[EventCountry "AUT"]
[WhiteTeam "Raiffeisen Waehring"]
[BlackTeam "Zwettl"]

1. c4 b6 2. Nc3 Bb7 3. e4 e5 4. g3 f5 5. Bg2 Nf6 6. Nge2 Na6 7. d3 fxe4 8. dxe4
Nc5 9. O-O Ne6 10. Qc2 Bc5 11. a3 O-O 12. b4 Bd4 13. Rb1 c5 14. Nxd4 Nxd4 15.
Qd3 Bc6 16. h3 d6 17. Nd5 Nxd5 18. exd5 Bd7 19. f4 Bf5 20. Be4 Bxe4 21. Qxe4
Qd7 22. Qg2 Rae8 23. Be3 exf4 24. Bxd4 cxd4 25. Rbd1 Re3 26. Rxf4 Rxf4 27. gxf4
Rxh3 28. Rxd4 Qf5 29. Re4 Rxa3 30. Qe2 Qg6+ 31. Kf1 Ra1+ 32. Kf2 Qg1+ 33. Kf3
Rf1+ 0-1

[Event "2. Bundesliga Ost 2013/2014"]
[Site "Wien"]
[Date "2014.02.23"]
[Round "9"]
[Board "3"]
[White "Schroll, Gerhard"]
[Black "Brustkern, Juergen"]
[Result "1/2-1/2"]
[WhiteElo "2384"]
[BlackElo "2241"]
[PlyCount "59"]
[EventDate "2013.10.05"]
[EventType "team"]
[EventRounds "11"]
[EventCountry "AUT"]
[WhiteTeam "Zwettl"]
[BlackTeam "Raiffeisen Waehring"]

1. e4 g6 2. d4 Bg7 3. c3 d5 4. exd5 Nf6 5. c4 b5 6. cxb5 Nxd5 7. Nf3 O-O 8. Nc3
Bb7 9. Be2 c6 10. O-O cxb5 11. Nxb5 Nc6 12. Na3 Nb6 13. Be3 Qd5 14. Qb3 Rfd8
15. Rfd1 Qxb3 16. axb3 Nd5 17. Nc4 Rab8 18. Nfe5 Nxe3 19. fxe3 Nxe5 20. dxe5
Rxd1+ 21. Rxd1 Ba6 22. Rd7 Kf8 23. Rxa7 Bxc4 24. bxc4 Bxe5 25. c5 Rxb2 26. Bf3
Rc2 27. c6 Bd6 28. Kf1 Bxh2 29. Ke1 h5 30. Kd1 1/2-1/2

[Event "2. Bundesliga Ost 2013/2014"]
[Site "Wien"]
[Date "2014.02.23"]
[Round "9"]
[Board "4"]
[White "Todor, Razvan"]
[Black "Blatny, Pavel"]
[Result "0-1"]
[WhiteElo "2161"]
[BlackElo "2414"]
[PlyCount "56"]
[EventDate "2013.10.05"]
[EventType "team"]
[EventRounds "11"]
[EventCountry "AUT"]
[WhiteTeam "Raiffeisen Waehring"]
[BlackTeam "Zwettl"]

1. e4 b6 2. d4 Bb7 3. Bd3 g6 4. Nf3 Bg7 5. O-O e6 6. Bg5 Ne7 7. Nbd2 h6 8. Bf4
d6 9. e5 g5 10. Bg3 d5 11. Qe2 c5 12. c3 Nbc6 13. a3 Nf5 14. b4 g4 15. Ne1 cxd4
16. Qxg4 h5 17. Qe2 dxc3 18. Ndf3 Nxg3 19. fxg3 Qc7 20. Bb5 a6 21. Bxc6+ Bxc6
22. Nd4 Ba4 23. Nef3 Bh6 24. Qd3 c2 25. Nd2 O-O 26. g4 Qxe5 27. Rfe1 Qf4 28.
Re2 Bg7 0-1

[Event "2. Bundesliga Ost 2013/2014"]
[Site "Wien"]
[Date "2014.02.23"]
[Round "9"]
[Board "5"]
[White "Pisk, Petr"]
[Black "Lovrinovic, Christian"]
[Result "1-0"]
[WhiteElo "2410"]
[BlackElo "2140"]
[PlyCount "91"]
[EventDate "2013.10.05"]
[EventType "team"]
[EventRounds "11"]
[EventCountry "AUT"]
[WhiteTeam "Zwettl"]
[BlackTeam "Raiffeisen Waehring"]

1. e4 c5 2. d4 cxd4 3. c3 dxc3 4. Nxc3 Nc6 5. Nf3 e6 6. Bc4 Qc7 7. O-O Nf6 8.
Nb5 Qb8 9. e5 a6 10. exf6 axb5 11. fxg7 Bxg7 12. Bxb5 O-O 13. Qe2 d5 14. Rd1
Qd6 15. Ng5 h6 16. Ne4 Qe5 17. Nc3 Qxe2 18. Nxe2 Rd8 19. a4 e5 20. Ra3 Bf5 21.
h3 Bg6 22. Bd3 Bf8 23. Rb3 Na5 24. Rb5 d4 25. Rxe5 Nc6 26. Rb5 Rxa4 27. Rxb7
Ra1 28. Rc7 Rd6 29. Rc8 Bxd3 30. Rxd3 f6 31. Kh2 Kf7 32. Bf4 Ne5 33. Rxd4 Rxd4
34. Nxd4 Rb1 35. Rc7+ Kg6 36. Bxe5 fxe5 37. Rc6+ Kf7 38. Nf3 Bg7 39. Rc2 Ke6
40. Nd2 Re1 41. Nc4 e4 42. Kg3 Bf6 43. Kg4 Bd4 44. Rd2 Bc5 45. Kf4 Be7 46. Ne3
 1-0

[Event "2. Bundesliga Ost 2013/2014"]
[Site "Wien"]
[Date "2014.02.23"]
[Round "9"]
[Board "6"]
[White "Dragnev, Valentin"]
[Black "Wagner, Stefan"]
[Result "1-0"]
[WhiteElo "2037"]
[BlackElo "2178"]
[PlyCount "53"]
[EventDate "2013.10.05"]
[EventType "team"]
[EventRounds "11"]
[EventCountry "AUT"]
[WhiteTeam "Raiffeisen Waehring"]
[BlackTeam "Zwettl"]

1. b3 e5 2. Bb2 Nc6 3. c4 g6 4. Nf3 Bg7 5. e3 Nge7 6. a3 O-O 7. d3 d5 8. cxd5
Nxd5 9. b4 a6 10. Qc2 Re8 11. Nbd2 Bg4 12. Be2 Qd7 13. O-O Rad8 14. Ne4 Bxf3
15. Bxf3 Nce7 16. Rac1 c6 17. Rfd1 Qc8 18. Qb3 Qb8 19. a4 a5 20. bxa5 Qc7 21.
Ba3 Qxa5 22. Nd6 Rxd6 23. Bxd6 Nc8 24. Qxb7 Nxd6 25. Qxc6 Nc3 26. Qxc3 Qxa4 27.
Bc6 1-0

[Event "2. Bundesliga Ost 2013/2014"]
[Site "Wien"]
[Date "2014.02.23"]
[Round "9"]
[Board "2"]
[White "Michalik, Peter"]
[Black "Beck, Hartmuth"]
[Result "1/2-1/2"]
[WhiteElo "2584"]
[BlackElo "2313"]
[PlyCount "63"]
[EventDate "2013.10.05"]
[EventType "team"]
[EventRounds "11"]
[EventCountry "AUT"]
[WhiteTeam "ASVOE Pamhagen"]
[BlackTeam "SG Hietzing/Ottakring"]

1. Nf3 c5 2. g3 g6 3. Bg2 Bg7 4. O-O Nc6 5. e4 Nf6 6. Re1 d6 7. h3 e5 8. c3 O-O
9. d4 cxd4 10. cxd4 exd4 11. Nxd4 Nxd4 12. Qxd4 Be6 13. Nc3 Nd5 14. Qd3 Nxc3
15. bxc3 Qc8 16. Bb2 Bxh3 17. Qxd6 Bxg2 18. Kxg2 Rd8 19. Qf4 Qe6 20. e5 Rac8
21. Re4 b5 22. a4 Rd5 23. Qe3 Rxe5 24. Rxe5 Bxe5 25. axb5 Rb8 26. Rxa7 Qd5+ 27.
Kh2 Qxb5 28. Ba1 Qb6 29. Qxb6 Rxb6 30. c4 Bxa1 31. Rxa1 Rb2 32. Kg2 1/2-1/2

[Event "2. Bundesliga Ost 2013/2014"]
[Site "Wien"]
[Date "2014.02.23"]
[Round "9"]
[Board "3"]
[White "Penz, Harald"]
[Black "Lipka, Juraj"]
[Result "1/2-1/2"]
[WhiteElo "2324"]
[BlackElo "2419"]
[PlyCount "52"]
[EventDate "2013.10.05"]
[EventType "team"]
[EventRounds "11"]
[EventCountry "AUT"]
[WhiteTeam "SG Hietzing/Ottakring"]
[BlackTeam "ASVOE Pamhagen"]

1. e4 e6 2. d4 d5 3. exd5 exd5 4. Nf3 Nf6 5. Bd3 Bd6 6. Qe2+ Qe7 7. Qxe7+ Kxe7
8. O-O Re8 9. Bg5 h6 10. Re1+ Be6 11. Bh4 Nc6 12. c3 g5 13. Bg3 Bxg3 14. hxg3
Nd7 15. Nbd2 Kf6 16. Re3 Bf5 17. Bxf5 Kxf5 18. Rae1 Rxe3 19. Rxe3 f6 20. b4 a6
21. Ne1 Kg6 22. Nd3 Kf7 23. Nf1 Re8 24. Rxe8 Kxe8 25. Ne3 Ne7 26. Kf1 Kf7
 1/2-1/2

[Event "2. Bundesliga Ost 2013/2014"]
[Site "Wien"]
[Date "2014.02.23"]
[Round "9"]
[Board "4"]
[White "Maslik, Miroslav"]
[Black "Steiner, Adam"]
[Result "1-0"]
[WhiteElo "2366"]
[BlackElo "2255"]
[PlyCount "103"]
[EventDate "2013.10.05"]
[EventType "team"]
[EventRounds "11"]
[EventCountry "AUT"]
[WhiteTeam "ASVOE Pamhagen"]
[BlackTeam "SG Hietzing/Ottakring"]

1. d4 Nf6 2. Nf3 c5 3. c3 e6 4. Bf4 b6 5. e3 Bb7 6. Nbd2 Be7 7. h3 O-O 8. Bd3
d5 9. O-O Nbd7 10. Ne5 Ne4 11. Nxe4 dxe4 12. Be2 Nxe5 13. Bxe5 Bd6 14. Bxd6
Qxd6 15. Qa4 Bc6 16. Qa3 Rfd8 17. Rfd1 cxd4 18. Qxd6 Rxd6 19. Rxd4 Rad8 20.
Rxd6 Rxd6 21. Rd1 Rxd1+ 22. Bxd1 Bb5 23. Bc2 f5 24. Bb3 Kf7 25. c4 Bc6 26. h4
h6 27. Kf1 Ke7 28. Ke1 Kd6 29. Kd2 Kc5 30. Kc3 e5 31. Bd1 a5 32. Bh5 Bd7 33.
Bg6 Be6 34. b3 Bd7 35. a3 Be6 36. g4 fxg4 37. Bxe4 Bd7 38. Bg6 Bc6 39. e4 Kd6
40. Bf5 Ke7 41. b4 h5 42. c5 bxc5 43. bxa5 Bb5 44. Bg6 Kd7 45. Bxh5 Kc7 46.
Bxg4 Kb7 47. Be6 Be2 48. Bc4 Bf3 49. Bd5+ Ka6 50. Kc4 Kxa5 51. Kxc5 Be2 52. Kd6
 1-0

[Event "2. Bundesliga Ost 2013/2014"]
[Site "Wien"]
[Date "2014.02.23"]
[Round "9"]
[Board "5"]
[White "Plank, Franz"]
[Black "Vitouch, Anatol"]
[Result "1/2-1/2"]
[WhiteElo "2232"]
[BlackElo "2270"]
[PlyCount "47"]
[EventDate "2013.10.05"]
[EventType "team"]
[EventRounds "11"]
[EventCountry "AUT"]
[WhiteTeam "SG Hietzing/Ottakring"]
[BlackTeam "ASVOE Pamhagen"]

1. e4 d6 2. f4 Nf6 3. c3 c5 4. Bb5+ Bd7 5. Qe2 Bxb5 6. Qxb5+ Qd7 7. Qe2 Nc6 8.
Nf3 g6 9. Na3 Bg7 10. d3 O-O 11. O-O d5 12. e5 Ne8 13. Nc2 Nc7 14. Be3 b6 15.
Rae1 a5 16. d4 cxd4 17. Ncxd4 Nxd4 18. Nxd4 b5 19. Bd2 e6 20. a3 Rab8 21. Nb3
Ra8 22. Nd4 Rab8 23. Nb3 Ra8 24. Nd4 1/2-1/2

[Event "2. Bundesliga Ost 2013/2014"]
[Site "Wien"]
[Date "2014.02.23"]
[Round "9"]
[Board "6"]
[White "Kuthan, Andreas"]
[Black "Mayrhuber, Tobias"]
[Result "1-0"]
[WhiteElo "2221"]
[BlackElo "1896"]
[PlyCount "77"]
[EventDate "2013.10.05"]
[EventType "team"]
[EventRounds "11"]
[EventCountry "AUT"]
[WhiteTeam "ASVOE Pamhagen"]
[BlackTeam "SG Hietzing/Ottakring"]

1. d4 Nf6 2. c4 e6 3. Nc3 Bb4 4. e3 d5 5. a3 Bxc3+ 6. bxc3 c5 7. cxd5 exd5 8.
Bd3 O-O 9. Ne2 b6 10. O-O Ba6 11. Bxa6 Nxa6 12. f3 Qd7 13. Qd3 c4 14. Qc2 Rfe8
15. Ng3 Qb7 16. e4 dxe4 17. Bg5 e3 18. Bxf6 gxf6 19. Nh5 Re6 20. Qf5 Qe7 21.
Rfe1 Nc7 22. Qg4+ Kf8 23. Ng7 f5 24. Nxf5 Qf6 25. Rxe3 Nd5 26. Rxe6 fxe6 27.
Nd6 Nxc3 28. Re1 Ke7 29. Nxc4 Rd8 30. Ne5 Rd5 31. Qg8 Rxd4 32. Nc6+ Kd7 33.
Nxd4 Qxd4+ 34. Kh1 Ne2 35. Qxh7+ Kd6 36. Qc2 Nc3 37. Rc1 Nd5 38. Qc6+ Ke7 39.
Re1 1-0

[Event "2. Bundesliga Ost 2013/2014"]
[Site "Wien"]
[Date "2014.02.23"]
[Round "9"]
[Board "1"]
[White "Kummer, Helmut"]
[Black "Papp, Gabor"]
[Result "0-1"]
[WhiteElo "2331"]
[BlackElo "2583"]
[PlyCount "100"]
[EventDate "2013.10.05"]
[EventType "team"]
[EventRounds "11"]
[EventCountry "AUT"]
[WhiteTeam "Purbach"]
[BlackTeam "ASVOE Mattersburg"]

1. d4 d6 2. c4 e5 3. Nc3 exd4 4. Qxd4 Nc6 5. Qd2 g6 6. b3 Bg7 7. Bb2 Nf6 8. g3
O-O 9. Bg2 Re8 10. Nf3 Bf5 11. O-O Ne4 12. Nxe4 Bxe4 13. Bxg7 Kxg7 14. Nd4 Bxg2
15. Kxg2 Qe7 16. Nxc6 Qe4+ 17. Kg1 bxc6 18. Rfe1 a5 19. Rac1 c5 20. f3 Qe3+ 21.
Qxe3 Rxe3 22. Kf2 Rae8 23. Rc2 f5 24. Rd1 a4 25. bxa4 Ra3 26. Rd3 Rxa4 27. Re3
Kf7 28. Rxe8 Kxe8 29. Ke3 Kd7 30. Kd3 Ra3+ 31. Kd2 g5 32. e3 h5 33. Ke2 Ke6 34.
f4 g4 35. Kd2 d5 36. cxd5+ Kxd5 37. Ke2 c6 38. Kd2 c4 39. Ke2 c5 40. e4+ Kxe4
41. Rxc4+ Kd5 42. Rc2 c4 43. Kd1 c3 44. Re2 Kd4 45. Rg2 Kd3 46. Rf2 Ra7 47. Rg2
Ra6 48. Rf2 Rf6 49. Kc1 Re6 50. Kd1 Re3 0-1

[Event "2. Bundesliga Ost 2013/2014"]
[Site "Wien"]
[Date "2014.02.23"]
[Round "9"]
[Board "2"]
[White "Fodor, Tamas"]
[Black "Heiny, Johannes"]
[Result "1-0"]
[WhiteElo "2458"]
[BlackElo "2297"]
[PlyCount "89"]
[EventDate "2013.10.05"]
[EventType "team"]
[EventRounds "11"]
[EventCountry "AUT"]
[WhiteTeam "ASVOE Mattersburg"]
[BlackTeam "Purbach"]

1. d4 Nf6 2. c4 g6 3. Nc3 Bg7 4. e4 d6 5. Nf3 O-O 6. Be2 e5 7. O-O Nc6 8. d5
Ne7 9. Bg5 h6 10. Bxf6 Bxf6 11. b4 Bg7 12. c5 f5 13. Bd3 g5 14. Nd2 Kh8 15. Rc1
a6 16. a4 f4 17. Be2 Ng8 18. a5 Nf6 19. h3 Rg8 20. cxd6 cxd6 21. Na4 Bf8 22.
Nb6 Rb8 23. Qc2 Be7 24. Qc7 Bd7 25. Rc3 Rg7 26. Rfc1 Qxc7 27. Rxc7 Bd8 28. Nxd7
Rxd7 29. Rc8 Rxc8 30. Rxc8 Kg7 31. Bd1 Rc7 32. Rxd8 Rc1 33. Kf1 Rxd1+ 34. Ke2
Rg1 35. Rxd6 Rxg2 36. Re6 g4 37. hxg4 Nxg4 38. d6 Rxf2+ 39. Ke1 f3 40. d7 Re2+
41. Kd1 Nf2+ 42. Kc2 Nxe4 43. d8=Q f2 44. Qd7+ Kf8 45. Re8# 1-0

[Event "2. Bundesliga Ost 2013/2014"]
[Site "Wien"]
[Date "2014.02.23"]
[Round "9"]
[Board "3"]
[White "Wiedermann, Daniel"]
[Black "Petran, Peter"]
[Result "0-1"]
[WhiteElo "2164"]
[BlackElo "2320"]
[PlyCount "102"]
[EventDate "2013.10.05"]
[EventType "team"]
[EventRounds "11"]
[EventCountry "AUT"]
[WhiteTeam "Purbach"]
[BlackTeam "ASVOE Mattersburg"]

1. d4 g6 2. c4 f5 3. Nc3 Bg7 4. h4 c5 5. d5 Nf6 6. h5 Nxh5 7. Rxh5 gxh5 8. e4
O-O 9. Qxh5 d6 10. Bd3 Nd7 11. exf5 Ne5 12. Bc2 Qe8 13. Qh3 Qf7 14. g4 h5 15.
f3 Nxc4 16. Nge2 Ne5 17. Nf4 Nxf3+ 18. Qxf3 hxg4 19. Qxg4 Bxf5 20. Bxf5 Qxf5
21. Qg3 b5 22. Be3 b4 23. Na4 Rf7 24. O-O-O Qe5 25. Re1 Raf8 26. Bd2 Qd4 27.
Ne6 Qxd5 28. Bh6 Qf3 29. Qg1 Qf2 30. Bxg7 Qxg1 31. Rxg1 Rf1+ 32. Rxf1 Rxf1+ 33.
Kc2 Kf7 34. Nd8+ Kxg7 35. Nc6 Kf6 36. Nxa7 e5 37. Nb5 Ke6 38. Nb6 Rf7 39. a4
bxa3 40. Nxa3 d5 41. Na4 Kd6 42. b3 Kc6 43. Nb2 Rf2+ 44. Kc1 e4 45. Nd1 Rf3 46.
Kc2 c4 47. Nc3 cxb3+ 48. Kxb3 d4 49. Nab5 Kc5 50. Kc2 dxc3 51. Nxc3 Kd4 0-1

[Event "2. Bundesliga Ost 2013/2014"]
[Site "Wien"]
[Date "2014.02.23"]
[Round "9"]
[Board "4"]
[White "Brod, Manfred"]
[Black "Hansen, Kay"]
[Result "1-0"]
[WhiteElo "2237"]
[BlackElo "2208"]
[PlyCount "117"]
[EventDate "2013.10.05"]
[EventType "team"]
[EventRounds "11"]
[EventCountry "AUT"]
[WhiteTeam "ASVOE Mattersburg"]
[BlackTeam "Purbach"]

1. e4 c6 2. d4 d5 3. exd5 cxd5 4. Bd3 Nf6 5. c3 Nc6 6. Bf4 e6 7. Nf3 Nh5 8. Bg5
Be7 9. Bxe7 Qxe7 10. O-O Nf4 11. Bc2 g5 12. Re1 Bd7 13. Nbd2 O-O-O 14. b4 Kb8
15. a4 g4 16. Ne5 Nxe5 17. Rxe5 h5 18. Nb3 f6 19. Re1 Bc8 20. Qd2 Qc7 21. Nc5
h4 22. Nd3 Nh5 23. g3 Qh7 24. Nc5 f5 25. Re3 Qg7 26. Nd3 Qh6 27. Rd1 Rdf8 28.
Re5 hxg3 29. fxg3 f4 30. Rxh5 Qxh5 31. Nxf4 Qf7 32. Ng6 Rhg8 33. Nxf8 Rxf8 34.
Bd3 Qc7 35. Rf1 Re8 36. Re1 Ka8 37. Re5 Bd7 38. Bc2 Rc8 39. Re3 Qc4 40. Bd1 a5
41. b5 Rg8 42. Qe2 Qc7 43. Bb3 Qd6 44. Qb2 Qf8 45. Bd1 Qd6 46. Qd2 Ka7 47. Qb2
Rg5 48. Qd2 Kb6 49. Re1 Rg7 50. Rf1 Be8 51. Qf4 Qxf4 52. Rxf4 Rc7 53. Bxg4 Rc4
54. Bxe6 Rxa4 55. Bxd5 Bxb5 56. Rf6+ Bc6 57. h4 Kc7 58. Bxc6 bxc6 59. h5 1-0

[Event "2. Bundesliga Ost 2013/2014"]
[Site "Wien"]
[Date "2014.02.23"]
[Round "9"]
[Board "5"]
[White "Heiny, Michael"]
[Black "Wiedner, Robert"]
[Result "0-1"]
[WhiteElo "2084"]
[BlackElo "2140"]
[PlyCount "64"]
[EventDate "2013.10.05"]
[EventType "team"]
[EventRounds "11"]
[EventCountry "AUT"]
[WhiteTeam "Purbach"]
[BlackTeam "ASVOE Mattersburg"]

1. Nf3 Nf6 2. g3 c5 3. Bg2 Nc6 4. c4 d6 5. O-O g6 6. b3 Bg7 7. Bb2 O-O 8. d3
Rb8 9. Nc3 a6 10. d4 cxd4 11. Nxd4 Qb6 12. e3 Bd7 13. Qd2 Qc5 14. Na4 Qh5 15.
Nb6 Bg4 16. f3 Bc8 17. Rad1 Re8 18. Nxc6 bxc6 19. Nxc8 Rexc8 20. f4 a5 21. e4
Ng4 22. h3 Qc5+ 23. Bd4 Bxd4+ 24. Qxd4 Ne3 25. Qxc5 dxc5 26. Rd7 Nxf1 27. Kxf1
a4 28. Rxe7 axb3 29. axb3 Rxb3 30. Re5 Rb2 31. Rxc5 Ra8 32. Rxc6 Ra1# 0-1

[Event "2. Bundesliga Ost 2013/2014"]
[Site "Wien"]
[Date "2014.02.23"]
[Round "9"]
[Board "6"]
[White "Salamon, Werner"]
[Black "Zimmermann, Heinz"]
[Result "1/2-1/2"]
[WhiteElo "2122"]
[BlackElo "2171"]
[PlyCount "64"]
[EventDate "2013.10.05"]
[EventType "team"]
[EventRounds "11"]
[EventCountry "AUT"]
[WhiteTeam "ASVOE Mattersburg"]
[BlackTeam "Purbach"]

1. e4 e5 2. Nf3 Nc6 3. Nc3 Nf6 4. Bb5 Bc5 5. d3 h6 6. O-O d6 7. Be3 Bb6 8. h3
O-O 9. Bxc6 bxc6 10. d4 exd4 11. Nxd4 Bxd4 12. Bxd4 Re8 13. Re1 c5 14. Bxf6
Qxf6 15. Nd5 Qd8 16. b3 Bb7 17. c4 Bxd5 18. exd5 Qd7 19. Qd2 Rxe1+ 20. Rxe1 Re8
21. Rxe8+ Qxe8 22. Qa5 Qb8 23. g3 Kf8 24. Kg2 Qb6 25. Qxb6 cxb6 26. f4 f5 27.
Kf3 Kf7 28. Ke3 Kf6 29. Kf3 Ke7 30. Ke3 Kf6 31. Kf3 Ke7 32. Ke3 Kf6 1/2-1/2

[Event "2. Bundesliga Ost 2013/2014"]
[Site "Wien"]
[Date "2014.03.22"]
[Round "10"]
[Board "1"]
[White "Videki, Sandor"]
[Black "Petran, Peter"]
[Result "1-0"]
[WhiteElo "2434"]
[BlackElo "2320"]
[PlyCount "131"]
[EventDate "2013.10.05"]
[EventType "team"]
[EventRounds "11"]
[EventCountry "AUT"]
[WhiteTeam "Spg Data Technology Eichgraben/P."]
[BlackTeam "ASVOE Mattersburg"]

1. e4 g6 2. d4 Bg7 3. c4 d6 4. Nc3 e5 5. Nge2 Nc6 6. d5 Nce7 7. h4 h5 8. g3 f5
9. Bg2 Nf6 10. Bg5 c5 11. dxc6 bxc6 12. c5 dxc5 13. Qxd8+ Kxd8 14. O-O-O+ Kc7
15. Na4 Bh6 16. Bxh6 Rxh6 17. Nxc5 fxe4 18. Nc3 e3 19. fxe3 Ng4 20. Rhe1 Nf5
21. Rd3 Nf2 22. Rd2 Ng4 23. Rd3 Nf2 24. Rd2 Ng4 25. e4 Nd4 26. Rf1 Rh7 27. Rf8
Rb8 28. Bh3 Ne3 29. Rdf2 Bxh3 30. Na6+ Kb7 31. Rxb8+ Kxa6 32. Na4 Ne6 33. Rf6
Rb7 34. Rxb7 Kxb7 35. Rxg6 Kc7 36. b4 Bg4 37. Rf6 Nc4 38. Rf7+ Kb8 39. Nc5 Nd6
40. Nd7+ Kc8 41. Rh7 Nxe4 42. Nxe5 Be2 43. Nxc6 a6 44. Re7 Bc4 45. Nd4 Kd8 46.
Rxe6 Bxe6 47. Nxe6+ Kc8 48. Nf4 Nxg3 49. Kd2 Kd7 50. Kd3 Kd6 51. a4 Ke5 52. Ng2
Kd5 53. Ne3+ Ke5 54. Kc4 Ne4 55. Ng2 Kf5 56. Kd4 Nf6 57. Ne3+ Ke6 58. Kc5 Nd7+
59. Kc6 Ne5+ 60. Kb6 Nd3 61. Nc2 Kd7 62. Kxa6 Kc7 63. Kb5 Ne5 64. Nd4 Ng6 65.
Nf5 Kb7 66. Kc5 1-0

[Event "2. Bundesliga Ost 2013/2014"]
[Site "Wien"]
[Date "2014.03.22"]
[Round "10"]
[Board "2"]
[White "Wiedner, Robert"]
[Black "Ganaus, Hannes"]
[Result "1-0"]
[WhiteElo "2140"]
[BlackElo "2302"]
[PlyCount "95"]
[EventDate "2013.10.05"]
[EventType "team"]
[EventRounds "11"]
[EventCountry "AUT"]
[WhiteTeam "ASVOE Mattersburg"]
[BlackTeam "Spg Data Technology Eichgraben/P."]

1. d4 Nf6 2. c4 e6 3. Nf3 Bb4+ 4. Bd2 a5 5. g3 b6 6. Bg2 Bb7 7. O-O O-O 8. Nc3
Na6 9. Qc2 c5 10. dxc5 Nxc5 11. Rfd1 Qe7 12. a3 Bxc3 13. Bxc3 Be4 14. Bxf6 Qxf6
15. Qc3 Qxc3 16. bxc3 Rac8 17. Ne5 Bxg2 18. Kxg2 Rc7 19. Rd6 f6 20. Nd3 Na4 21.
c5 bxc5 22. c4 Nc3 23. Kf3 Rb8 24. Ra6 a4 25. Ke3 d5 26. Ra5 d4+ 27. Kf3 Rbc8
28. e4 e5 29. Re1 Kf7 30. Kg4 g6 31. f4 Nxe4 32. fxe5 f5+ 33. Kf4 Ke6 34. h4 h6
35. Rxa4 g5+ 36. Kf3 Rb7 37. Ra6+ Kf7 38. Rxe4 fxe4+ 39. Kxe4 Kg7 40. h5 Rb1
41. Rg6+ Kh7 42. Kd5 Rb3 43. Nxc5 Rxa3 44. Kxd4 Rxg3 45. Ne4 Rg1 46. Nxg5+ Kh8
47. Rxh6+ Kg7 48. Rh7+ 1-0

[Event "2. Bundesliga Ost 2013/2014"]
[Site "Wien"]
[Date "2014.03.22"]
[Round "10"]
[Board "3"]
[White "Rumpl, Erwin"]
[Black "Salamon, Werner"]
[Result "1-0"]
[WhiteElo "2308"]
[BlackElo "2122"]
[PlyCount "83"]
[EventDate "2013.10.05"]
[EventType "team"]
[EventRounds "11"]
[EventCountry "AUT"]
[WhiteTeam "Spg Data Technology Eichgraben/P."]
[BlackTeam "ASVOE Mattersburg"]

1. Nf3 Nf6 2. g3 d5 3. c4 c6 4. Bg2 Bf5 5. cxd5 cxd5 6. Qb3 Qb6 7. Qxb6 axb6 8.
Nc3 e6 9. d3 Nc6 10. Bf4 Bb4 11. O-O O-O 12. Nb5 Ra5 13. Nbd4 Nxd4 14. Nxd4 Bg6
15. Rfc1 Ne8 16. Rc8 Be7 17. Nb3 Ra7 18. a3 Nf6 19. Rac1 Ra8 20. R8c7 Bd8 21.
Rxb7 Nh5 22. Be3 Bf6 23. Rc2 Be5 24. f4 Bd6 25. Rxb6 Rfd8 26. Rcc6 Bb8 27. Rb7
Nf6 28. Bb6 Re8 29. Bf3 e5 30. fxe5 Bxe5 31. Bd4 Rab8 32. Rxb8 Bxb8 33. Nc5 h5
34. Na6 Be5 35. Bxe5 Rxe5 36. Rc8+ Kh7 37. Rc5 h4 38. Nb4 hxg3 39. hxg3 Rg5 40.
Nxd5 Nxd5 41. Rxd5 Rxg3+ 42. Kh2 1-0